000 00832nam a2200205 i 4500
001 50238
003 ES-MaACL
005 20230906162139.0
007 t|
008 030801s1977 sp ||||1| spa d
100 1 _aCruz Hernández, Manuel.
_941829
245 1 0 _aPediatría /
_cManuel Cruz Hernández ; prólogo de A. Galdó.
250 _a3ª ed.
260 _aBarcelona :
_b[s.n.],
_c1977 (
_fRomangraf.)
300 _a3 v. :
_bil. ;
_c26 cm.
505 8 _aContiene: 1. Neonatología. Metabolismo y nutrición. Aparato digestivo - 2. Crecimiento. Endocrinología. Aparato respiratorio. Aparato circulatorio. Sangre. Aparato urinario. Sistema nervioso - 3. Aparato locomotor. Enfermedades infecciosas. Miscelánea. Índices
650 4 _aPediatría.
_9136672
700 1 _aGaldó, A.
_953354
852 _aES-MaACL
_jA-10826-28
999 _c50238
_d50238